| 000 | 00612nam a2200229Ia 4500 | ||
|---|---|---|---|
| 005 | 20250425162308.0 | ||
| 008 | 250425s9999 xx 000 0 und d | ||
| 020 | _a0130351199 | ||
| 041 | _aeng | ||
| 043 | _anju | ||
| 082 | _a004.22 | ||
| 100 | _aSTALLINGS, WILLIAM | ||
| 245 | 0 | _aCOMPUTER ORGANIZATION AND ARCHITECTURE: DESIGNING FOR PERFORMANCE | |
| 250 | _a6TH ED. | ||
| 260 |
_aEstados Unidos _bPEARSON EDUCATION _c2003 |
||
| 260 | _aUPPER SADDLE RIVER | ||
| 300 | _a815 | ||
| 650 | _aARQUITECTURA DE COMPUTADORAS | ||
| 650 | _aORGANIZACION DE COMPUTADORAS | ||
| 942 | _c01 | ||
| 010 | _a60145 | ||
| 999 |
_c226284 _d226284 |
||